| 000 | 00704nam a2200217Ia 4500 | ||
|---|---|---|---|
| 003 | GCL | ||
| 008 | 140319s9999 xx 000 0 ara d | ||
| 040 |
_aGCL / _cGCL |
||
| 082 | 0 | 4 |
_a110 _bم م |
| 100 | 1 | _aمحمد رضا اللواتى | |
| 245 | 1 | 0 |
_aالمعرفة والنفس والالوهية فى الفلسفة الاسلامية والمدارس الفلسفية الاخرى / _cمحمد رضا اللواتى |
| 300 | _a206 ص | ||
| 490 | _a | ||
| 650 | 0 | 4 | _aالفلسفة |
| 650 | 0 | 4 | _aالنفس |
| 650 | 0 | 4 | _aالالوهية |
| 650 | 0 | 4 | _aالفلسفة - نظريات |
| 650 | 0 | 4 | _aماوراء النفس |
| 650 | 0 | 4 | _aما وراء الطبيعة, علم |
| 942 |
_2ddc _cBK |
||
| 999 |
_c38788 _d38788 |
||